[Event "Catalunya-ch Seniors"]
[Site "Andorra"]
[Date "2006.07.26"]
[Round "9"]
[White "Descarrega Palau, Miguel"]
[Black "Pujal Bartalot, Esteve"]
[Result "1/2-1/2"]
[WhiteElo "2094"]
[BlackElo "2093"]
[PlyCount "27"]
[EventDate "2006.07.18"]
[EventType "swiss"]
[EventRounds "9"]
[EventCountry "ESP"]
[SourceTitle "EXT 2019"]
[Source "ChessBase"]
[SourceDate "2018.10.10"]
[SourceVersion "1"]
[SourceVersionDate "2018.10.10"]
[SourceQuality "1"]

1. e4 c5 2. Nf3 a6 3. d4 cxd4 4. Nxd4 Nf6 5. Bd3 e5 6. Nb3 d5 7. exd5 Nxd5 8. a3 Be7 9. 0-0 0-0 10. c4 Nf6 11. Nc3 Be6 12. Bg5 Nbd7 13. Qc2 h6 14. Bxf6 1/2-1/2

[Event "Catalunya-ch Seniors"]
[Site "Andorra"]
[Date "2006.07.24"]
[Round "7"]
[White "Sanz Bastos, Fernando"]
[Black "Pujal Bartalot, Esteve"]
[Result "0-1"]
[WhiteElo "2046"]
[BlackElo "2093"]
[PlyCount "105"]
[EventDate "2006.07.18"]
[EventType "swiss"]
[EventRounds "9"]
[EventCountry "ESP"]
[SourceTitle "EXT 2019"]
[Source "ChessBase"]
[SourceDate "2018.10.10"]
[SourceVersion "1"]
[SourceVersionDate "2018.10.10"]
[SourceQuality "1"]

1. e4 c5 2. g3 Nc6 3. Bg2 Nf6 4. d3 g6 5. f4 d6 6. Nf3 Bg7 7. Nc3 Bd7 8. h3 0-0 9. 0-0 Qc8 10. Kh2 a6 11. Nh4 Rb8 12. f5 b5 13. g4 b4 14. Ne2 Qd8 15. Ng3 Ne5 16. Bf4 Ne8 17. Qd2 a5 18. Nf3 Nxf3+ 19. Bxf3 Bxb2 20. Rab1 Bc3 21. Qc1 Bg7 22. Bh6 Rb6 23. Bxg7 Kxg7 24. Bg2 Rb8 25. Qg5 Nf6 26. Qh4 h6 27. g5 hxg5 28. Qxg5 Rh8 29. fxg6 fxg6 30. Nf5+ Bxf5 31. exf5 Qe8 32. Bf3 Rh6 33. Rg1 e6 34. Rbe1 e5 35. Rg3 Nh7 36. Qe3 g5 37. Reg1 Kh8 38. R1g2 Qf7 39. Be4 Qf6 40. Kg1 a4 41. Bc6 b3 42. cxb3 axb3 43. axb3 Rxb3 44. Bd5 Rb1+ 45. Kh2 Rb8 46. Ra2 Qxf5 47. Rf2 Qc8 48. Rf7 Rb2+ 49. Bg2 Qb8 50. Rgf3 Rh4 51. Qc1 Rbb4 52. Rd7 Rhf4 53. Rg3 0-1

[Event "Catalunya-ch Seniors"]
[Site "Andorra"]
[Date "2006.07.23"]
[Round "6"]
[White "Mas Recorda, Pere"]
[Black "Pujal Bartalot, Esteve"]
[Result "1-0"]
[WhiteElo "2027"]
[BlackElo "2093"]
[PlyCount "69"]
[EventDate "2006.07.18"]
[EventType "swiss"]
[EventRounds "9"]
[EventCountry "ESP"]
[SourceTitle "EXT 2019"]
[Source "ChessBase"]
[SourceDate "2018.10.10"]
[SourceVersion "1"]
[SourceVersionDate "2018.10.10"]
[SourceQuality "1"]

1. d4 d5 2. Nf3 Nf6 3. Bf4 e6 4. e3 c5 5. Nbd2 Nc6 6. c3 Be7 7. h3 0-0 8. Bd3 b6 9. 0-0 Bb7 10. Qe2 h6 11. Rad1 cxd4 12. exd4 Bd6 13. Be5 Qe7 14. Rfe1 Nd7 15. Bb1 Rfe8 16. Nf1 Nf8 17. Ng3 Qc7 18. Nh5 Bxe5 19. dxe5 Ng6 20. Qe3 Ba6 21. g4 Qe7 22. Kh2 Nh4 23. Nd4 Nxd4 24. Rxd4 Rac8 25. Rg1 Rc4 26. f4 Rxd4 27. cxd4 Rc8 28. g5 Nf5 29. Bxf5 exf5 30. gxh6 Rc2+ 31. Kh1 g6 32. Nf6+ Kh8 33. Qg3 Qb4 34. Qg5 Qxb2 35. Ng4 1-0

[Event "Catalunya-ch Seniors"]
[Site "Andorra"]
[Date "2006.07.21"]
[Round "4"]
[White "Espau Guillem, Josep"]
[Black "Pujal Bartalot, Esteve"]
[Result "0-1"]
[WhiteElo "2041"]
[BlackElo "2093"]
[PlyCount "106"]
[EventDate "2006.07.18"]
[EventType "swiss"]
[EventRounds "9"]
[EventCountry "ESP"]
[SourceTitle "EXT 2019"]
[Source "ChessBase"]
[SourceDate "2018.10.10"]
[SourceVersion "1"]
[SourceVersionDate "2018.10.10"]
[SourceQuality "1"]

1. e4 c5 2. Nf3 Nc6 3. d4 cxd4 4. Nxd4 Nf6 5. Nc3 d6 6. Be2 g6 7. Be3 Bg7 8. a3 0-0 9. h4 h5 10. Qd2 Ne5 11. f3 d5 12. Bf4 Nc4 13. Bxc4 dxc4 14. 0-0-0 a6 15. Bh6 e5 16. Bxg7 Kxg7 17. Nde2 Qxd2+ 18. Rxd2 Be6 19. Rhd1 b5 20. Rd6 Rfb8 21. R1d2 a5 22. f4 b4 23. fxe5 Ne8 24. Nd5 Nxd6 25. exd6 c3 26. Rd4 cxb2+ 27. Kxb2 bxa3+ 28. Kxa3 Ra7 29. Nc7 Bd7 30. Nc3 Rab7 31. Na6 Rc8 32. Nc7 Rb6 33. e5 Rcb8 34. g3 Rb4 35. Na6 Rxd4 36. Nxb8 Bf5 37. Nb5 Rb4 38. c4 Rxc4 39. d7 Bxd7 40. Nxd7 Rg4 41. Nd6 Rxg3+ 42. Kb2 Rh3 43. Ne8+ Kg8 44. Nef6+ Kh8 45. Ne4 Rxh4 46. Ng5 Rb4+ 47. Kc3 Kg7 48. e6 fxe6 49. Nxe6+ Kh6 50. Ne5 Rb7 51. Nf3 a4 52. Nc5 Rc7 53. Kb4 Rxc5 0-1